El diálogo (Record no. 55808)

MARC details
000 -LEADER
campo de control de longitud fija 00787nam a2200229 i 4500
001 - NÚMERO DE CONTROL
campo de control 55808
003 - IDENTIFICADOR DE NÚMERO DE CONTROL
campo de control ES-MaACL
005 - FECHA Y HORA DE LA ÚLTIMA TRANSACCIÓN
campo de control 20230906163226.0
007 - CAMPO FIJO DE DESCRIPCIÓN FÍSICA--INFORMACIÓN GENERAL
campo de control de longitud fija t|
008 - DATOS DE LONGITUD FIJA--INFORMACIÓN GENERAL
campo de control de longitud fija 030926s1968 sp ||||1| spa d
245 03 - MENCIÓN DEL TÍTULO
Título El diálogo
Resto del título : la iglesia se define... /
Mención de responsabilidad, etc. Franz König, José María González-Ruiz ; [traducido Carlos Castro, Amador Lapuente].
260 ## - PUBLICACIÓN, DISTRIBUCIÓN, ETC.
Lugar de publicación, distribución, etc. Madrid :
Nombre del editor, distribuidor, etc. Marova,
Fecha de publicación, distribución, etc. [1968]
300 ## - DESCRIPCIÓN FÍSICA
Extensión 115 p. ;
Dimensiones 20 cm.
500 ## - NOTA GENERAL
Nota general Precede al tít.: Secretariado para los no-creyentes.
700 1# - ENTRADA AGREGADA--NOMBRE PERSONAL
Nombre de persona König, Franz.
9 (RLIN) 189010
700 1# - ENTRADA AGREGADA--NOMBRE PERSONAL
Nombre de persona González Ruiz, José María.
9 (RLIN) 58943
700 1# - ENTRADA AGREGADA--NOMBRE PERSONAL
Nombre de persona Castro, Carlos.
9 (RLIN) 36837
700 1# - ENTRADA AGREGADA--NOMBRE PERSONAL
Nombre de persona Lapuente, Amador.
9 (RLIN) 70184
710 2# - ENTRADA AGREGADA--NOMBRE DE ENTIDAD CORPORATIVA
Nombre de entidad corporativa o nombre de jurisdicción como elemento de entrada Secretariado para los no-creyentes.
9 (RLIN) 6537
852 ## - LOCALIZACIÓN
Ubicación ES-MaACL
Número de control de estantería C-35458
Sublocalización o colección R.68896
Holdings
Estatus retirado Estado de pérdida Estado de daño No para préstamo Biblioteca de origen Biblioteca actual Ubicación en estantería Fecha de adquisición Fuente de adquisición Total de préstamos Signatura topográfica completa Código de barras Visto por última vez Precio de reemplazo Tipo de ítem Koha
        Biblioteca del Ateneo de Madrid Biblioteca del Ateneo de Madrid Depósito 2 17/01/2008     C-35458 1058624 23/02/2023 23/02/2023 Libro impreso